MARC

LEADER 00000nas a2200000 a 4500
001 ssj0028327
003 WaSeSS
005 20200512172242.0
006 m d
007 cr n
008 081215c19849999iluqr p s gw 0 a0eng
010 |a  2011202356 
022 |a 2163-2154  |y 8756-7962 
035 |a (WaSeSS)ssj0028327 
037 |b American Bar Association, 321 N. Clark St., Chicago, IL 60654 
040 |a ZBL  |b eng  |c ZBL  |d ZBL  |d EMI  |d CO3  |d OCLCE  |d DLC  |d EYM  |d HUL  |d DLC  |d OCLCF  |d OCLCO  |d OCLCQ  |d CCT  |d LND  |d BUF  |d OCLCO  |d OCL  |d VT2  |d UUM  |d OCLCO  |d W2U  |d OCLCO  |d WaSeSS 
042 |a pcc  |a nsdp 
043 |a n-us--- 
050 1 4 |a KF2023.A15  |b A45 
082 0 0 |a 343.73/084/05  |a 347.3038405  |2 19 
130 0 |a Franchise law journal (Online) 
210 0 |a Franch. law j.  |b (Online) 
222 0 |a Franchise law journal  |b (Online) 
245 1 0 |a Franchise law journal  |h [electronic resource]. 
260 |a Chicago, IL :  |b American Bar Association Forum Committee on Franchising,  |c ©1984- 
310 |a Quarterly 
362 1 |a Began with vol. 4, no. 1 (summer 1984). 
506 |a License restrictions may limit access. 
538 |a Mode of access: World Wide Web. 
550 |a Journal of: the ABA Forum Committee on Franchising, 1984-summer 1988; the Forum on Franchising, fall 1988- 
588 |a Description based on: Vol. 4, no. 1 (summer 1984); title from PDF cover (JSTOR, viewed May 18, 2012). 
588 |a Latest issue consulted: Vol. 30, no. 4 (spring 2011) (Americanbar.org, viewed Aug. 29, 2011). 
650 0 |a Franchises (Retail trade)  |x Law and legislation  |z United States  |v Periodicals. 
650 7 |a Franchises (Retail trade)  |x Law and legislation.  |2 fast  |0 (OCoLC)fst00933636 
650 7 |a Business, general.  |2 galestne 
650 7 |a Business.  |2 galestne 
650 7 |a Law.  |2 galestne 
651 7 |a United States.  |2 fast  |0 (OCoLC)fst01204155 
653 0 |a Business, general  |a Business  |a Law 
655 0 |a Electronic journals. 
710 2 |a American Bar Association.  |b Forum Committee on Franchising. 
710 2 |a American Bar Association.  |b Forum on Franchising. 
776 0 8 |i Print version:  |t Franchise law journal  |x 8756-7962  |w (DLC) 85645945  |w (OCoLC)11332359 
780 0 0 |t Journal of the Forum Committee on Franchising (Online)  |x 2328-1766  |w (DLC) 2012235296  |w (OCoLC)456194756 
856 4 0 |z Full text available from Research Library: 01/01/2007 to present  |u https://search.proquest.com/publication/44418